ՀՀ Գիտությունների ազգային ակադեմիայի հիմնարար գիտական գրադարան  =   Fundamental Scientific Library of NAS RA
Normal view MARC view

Entry Personal Name

Number of records used in: 31

001 - CONTROL NUMBER

  • control field: 1913

003 - CONTROL NUMBER IDENTIFIER

  • control field: AM-YEHGA

005 - DATE AND TIME OF LATEST TRANSACTION

  • control field: 20250617070432.0

008 - FIXED-LENGTH DATA ELEMENTS

  • fixed length control field: 050621 a|ac|n|aab||||||||||||a |n|||||||

040 ## - CATALOGING SOURCE

  • Original cataloging agency: AM-YEHGA

100 1# - HEADING--PERSONAL NAME

  • Personal name: Բալասանյան, Գրիգոր Գրիգորի,
  • Dates associated with a name: 1919-2003

400 1# - SEE FROM TRACING--PERSONAL NAME

  • Personal name: Բալասանյան, Գրիգոր,
  • Dates associated with a name: 1919-2003

400 1# - SEE FROM TRACING--PERSONAL NAME

  • Personal name: Բալասանյան, Գ.Գ.
  • Fuller form of name: (Գրիգոր Գրիգորի),
  • Dates associated with a name: 1919-2003

400 1# - SEE FROM TRACING--PERSONAL NAME

  • Personal name: Բալասանյան, Գ.
  • Fuller form of name: (Գրիգոր),
  • Dates associated with a name: 1919-2003

400 1# - SEE FROM TRACING--PERSONAL NAME

  • Personal name: Баласанян, Григор Григорьевич,
  • Dates associated with a name: 1919-2003

400 1# - SEE FROM TRACING--PERSONAL NAME

  • Personal name: Баласанян, Григор,
  • Dates associated with a name: 1919-2003

400 1# - SEE FROM TRACING--PERSONAL NAME

  • Personal name: Баласанян, Г.
  • Fuller form of name: (Григор),
  • Dates associated with a name: 1919-2003

400 1# - SEE FROM TRACING--PERSONAL NAME

  • Personal name: Balasanyan, Grigor Grigori,
  • Dates associated with a name: 1919-2003

670 ## - SOURCE DATA FOUND

  • Source citation: Հայկական համառոտ հանրագիտարան, 1990 :
  • Information found: հ. 1 (Բալասանյան Գրիգոր Գրիգորի (ծ. 15.9.1919, գ. Գետաշեն (այժմ՝ գ. Չայքենդ, Ադրբեջ. Խանլարի շրջ.)), հայ արձակագիր։ ՀՍՍՀ կուլտ. վաստ գործիչ (1975))

670 ## - SOURCE DATA FOUND

  • Source citation: Ով ով է. հայեր (կենսագրական հանրագիտարան), 2005 :
  • Information found: հ. 1 (Բալասանյան Գրիգոր Գրիգորի [1919 - 24.5.2003, Երևան])

670 ## - SOURCE DATA FOUND

  • Source citation: Մեժի ապոր զրույցները [Զրույց-հեքիաթ], 1996 :
  • Information found: տիտղթ. (Գ. Բալասանյան)

670 ## - SOURCE DATA FOUND

  • Source citation: Բաբալյան Յ.Ա. Եզերքի կարոտ (Պատմվածքներ, ակնարկներ), 1991 :
  • Information found: տիտղթ. (Խմբ.՝ Գ.Գ. Բալասանյան)

670 ## - SOURCE DATA FOUND

  • Source citation: Дорогами сердца, 1968 :
  • Information found: т.л. (Г. Баласанян); конц. (Баласанян Григор)


ՀՀ ԳԱԱ հիմնարար գիտական գրադարան
ՀՀ,Երևան 0019
Մարշալ Բաղրամյան 24/6
հեռախոս:(374-10) 52-47-50
Հետադարձ կապ

All site content, except where otherwise noted, is licensed under a
Creative Commons License